[Event "HUN-chT 2018-19"]
[Site "Szombathely"]
[Date "2019.04.27"]
[Round "8.42"]
[White "Ivanisevic, Ivan"]
[Black "Madl, Ildiko"]
[Result "1-0"]
[WhiteElo "2611"]
[BlackElo "2308"]
[Annotator "TA"]
[PlyCount "91"]
[EventDate "2018.11.16"]
[EventType "team-tourn"]
[EventCountry "HUN"]
[SourceTitle "playchess.com"]
[Source "ChessBase"]
[SourceQuality "1"]

{[%evp 13,123,25,47,52,42,44,35,39,48,0,0,0,35,43,31,0,4,0,0,0,0,0,0,0,16,15,13,2,68,71,93,67,65,47,56,56,60,62,60,7,0,0,0,0,0,0,0,0,0,0,0,0,12,0,0,0,0,0,0,0,0,0,0,0,0,1,0,0,0,0,0,0,128,128,128,128,128,128,128,128,128,128,128,128,12091,11783,5134,7560,8513,7805,5134,5102,6628,5093,4618,5113,5080,5072,5057,0,0,0,0,0,0,0,29979,29982,29982,29983,29983,29983]} 1. d4 d5 2. c4 c6 3. Nf3 Nf6 4. Nc3 e6 5. Bg5 Nbd7 6. e3 Qa5 7. cxd5 Nxd5 8. Rc1 {D52: Queen's Gambit Declined: Cambridge Springs Variation} Nxc3 9. bxc3 Ba3 10. Rc2 {White is slightly better.} O-O (10... b6 11. Be2 Ba6 12. O-O Bxe2 13. Rxe2 O-O 14. Qc2 c5 15. d5 exd5 {½-½ (68) Yu,Y (2764)-Dreev,A (2670) chess.com INT 2019}) 11. Be2 $146 ({Predecessor:} 11. Bd3 e5 12. O-O Re8 13. e4 Be7 14. Be3 Qc7 15. h3 b5 {½-½ (51) Vovk,Y (2608)-Antipov,M (2488) Riga 2013}) 11... e5 12. Bh4 $1 Re8 13. O-O exd4 14. Nxd4 Nf8 15. Qb1 Bd6 16. Rd1 Qc7 17. Bg3 Bxg3 18. hxg3 Be6 19. Rcd2 Rad8 20. Qb4 c5 (20... h6 $11) 21. Nxe6 $14 Nxe6 22. Qa4 a6 23. Bf3 Kf8 24. Rd7 b5 25. Rxc7 bxa4 26. Rcd7 (26. Rc6 $14) 26... Rxd7 $11 27. Rxd7 {[%mdl 4096] Endgame KRB-KRN} Rb8 28. Bd5 Rb1+ 29. Kh2 Rc1 30. f4 Rxc3 31. e4 a3 32. e5 {[#] Black must now prevent f5.} g6 33. Ra7 h5 34. Bxe6 fxe6 35. Rxa6 {KR-KR} Ke7 36. Ra7+ Kd8 37. Kh3 c4 38. Kh4 $1 Re3 {aiming for ...c3.} 39. Ra4 c3 {Strongly threatening ...Kc7.} 40. Rc4 Kd7 ({Inferior is} 40... Re2 41. Rxc3 Rxa2 42. Kg5 $16) 41. g4 hxg4 42. g3 Re2 (42... Ke8 $11) 43. Rxc3 $16 Rxa2 44. Kxg4 {Threatens to win with Kg5.} Ra1 45. Kg5 a2 46. Rc2 {Played: Rc3-a3} 1-0

[Event "HUN-chT 2018-19"]
[Site "Szombathely"]
[Date "2019.04.27"]
[Round "8.43"]
[White "Parkanyi, Attila"]
[Black "Kantor, Gergely"]
[Result "0-1"]
[WhiteElo "2275"]
[BlackElo "2501"]
[Annotator "ChessBase"]
[PlyCount "58"]
[EventDate "2018.11.16"]
[EventType "team-tourn"]
[EventCountry "HUN"]
[SourceTitle "playchess.com"]
[Source "ChessBase"]
[SourceQuality "1"]

1. e4 e5 2. Nf3 Nc6 3. Bb5 a6 4. Ba4 Nf6 5. O-O Be7 6. Re1 b5 7. Bb3 d6 8. c3 O-O 9. d4 Bg4 10. Be3 Bh5 11. Nbd2 exd4 12. cxd4 Na5 13. Bc2 c5 14. Qb1 Kh8 15. h3 Nc6 16. dxc5 dxc5 17. e5 Nd5 18. Bxh7 g6 19. g4 Bxg4 20. hxg4 Kxh7 21. Kg2 Kg7 22. Qe4 Qd7 23. Rh1 Nxe3+ 24. fxe3 Rh8 25. Qf4 Nb4 26. Ne4 Nd5 27. Qg3 Nxe3+ 28. Kf2 Nxg4+ 29. Ke2 Qf5 0-1

[Event "HUN-chT 2018-19"]
[Site "Szombathely"]
[Date "2019.04.27"]
[Round "8.44"]
[White "Horvath, Dominik"]
[Black "Dobos, Jozsef"]
[Result "1/2-1/2"]
[WhiteElo "2449"]
[BlackElo "2277"]
[Annotator "ChessBase"]
[PlyCount "68"]
[EventDate "2018.11.16"]
[EventType "team-tourn"]
[EventCountry "HUN"]
[SourceTitle "playchess.com"]
[Source "ChessBase"]
[SourceQuality "1"]

1. Nf3 g6 2. c4 Bg7 3. Nc3 c5 4. g3 Nc6 5. Bg2 d6 6. O-O e5 7. b3 Nge7 8. Bb2 O-O 9. d3 h6 10. Nd2 Rb8 11. a3 a6 12. Nd5 b5 13. Rb1 Nxd5 14. cxd5 Nd4 15. e3 Nf5 16. b4 Bb7 17. Nb3 Qb6 18. Rc1 Rbc8 19. Na5 Ba8 20. Qd2 h5 21. Rc2 Rfe8 22. Nc6 cxb4 23. Qxb4 a5 24. Qb3 Rc7 25. Rfc1 Bh6 26. Kh1 h4 27. g4 Ne7 28. Nxe7+ Rcxe7 29. Be4 Bb7 30. Rg1 Bg5 31. Rgc1 Bh6 32. Bc3 Rf8 33. Rg1 Bg5 34. Rb2 Rc8 1/2-1/2

[Event "HUN-chT 2018-19"]
[Site "Szombathely"]
[Date "2019.04.27"]
[Round "8.45"]
[White "Csiszar, Zoltan"]
[Black "Medvegy, Zoltan"]
[Result "1-0"]
[WhiteElo "2245"]
[BlackElo "2538"]
[Annotator "ChessBase"]
[PlyCount "99"]
[EventDate "2018.11.16"]
[EventType "team-tourn"]
[EventCountry "HUN"]
[SourceTitle "playchess.com"]
[Source "ChessBase"]
[SourceQuality "1"]

1. d4 Nf6 2. c4 e6 3. Nc3 Bb4 4. Qc2 O-O 5. a3 Bxc3+ 6. Qxc3 d6 7. Bg5 Nbd7 8. e3 b6 9. Bd3 Ba6 10. Ne2 c5 11. b4 Rc8 12. dxc5 bxc5 13. b5 Bb7 14. O-O d5 15. cxd5 c4 16. Bc2 Nxd5 17. Bxh7+ Kh8 18. Bxd8 Nxc3 19. Nxc3 Rfxd8 20. Bc2 Kg8 21. Rfd1 Kf8 22. Kf1 Ke7 23. f3 Rh8 24. h3 Nf6 25. Rd4 e5 26. Rd2 Rcd8 27. Rxd8 Kxd8 28. Rb1 Kd7 29. Rb4 Bd5 30. Ra4 Ra8 31. Nxd5 Nxd5 32. Kf2 Nb6 33. Ra6 Kd6 34. Be4 c3 35. Ke2 Rc8 36. Kd1 Rc7 37. Kc2 Kc5 38. a4 Kb4 39. a5 Nc4 40. b6 axb6 41. axb6 Nxe3+ 42. Kd3 c2 43. Ra1 Rc3+ 44. Ke2 Rb3 45. b7 Kc3 46. Kxe3 Kb2+ 47. Kd2 Kxa1 48. Kxc2 Rb2+ 49. Kc3 f5 50. Bd5 1-0

[Event "HUN-chT 2018-19"]
[Site "Szombathely"]
[Date "2019.04.27"]
[Round "8.46"]
[White "Ribli, Zoltan"]
[Black "Bubits, Bence"]
[Result "1-0"]
[WhiteElo "2537"]
[BlackElo "2083"]
[Annotator "TA"]
[PlyCount "39"]
[EventDate "2018.11.16"]
[EventType "team-tourn"]
[EventCountry "HUN"]
[SourceTitle "playchess.com"]
[Source "ChessBase"]
[SourceQuality "1"]

{[%evp 9,39,63,64,60,68,58,68,73,76,75,58,61,61,50,58,66,120,66,66,58,135,72,122,50,49,36,220,218,204,207,511,506]} 1. Nf3 d5 2. d4 Nf6 3. c4 g6 4. cxd5 Bg7 (4... Nxd5 5. e4 Nb6 6. Nc3 Bg7 7. h3 O-O 8. Be3 Nc6 9. Bb5 f5 10. Qb3+ Kh8 11. Rd1 Na5 12. Qb4 a6 13. Qxa5 axb5 14. Qxb5 fxe4 15. Ng5 c6 16. Qb3 {1-0 (38) Le,Q (2739)-Maghsoodloo,P (2569) Ashkhabad 2017}) 5. Qa4+ c6 6. dxc6 {D70: Grünfeld: Unusual White 3rd moves (met by ...d5)} Nxc6 7. e3 O-O 8. Nc3 {White is slightly better.} Nd7 $146 ({Predecessor:} 8... Bf5 9. Be2 a6 10. Qd1 Qc7 11. O-O e5 12. dxe5 {½-½ (24) Moiseev,S (2452)-Panov,S (2388) ICCF email 2016}) 9. Be2 e5 10. dxe5 Ndxe5 11. O-O Be6 12. Rd1 Qb6 (12... Qa5 $14) 13. Bd2 (13. Ng5 $16) 13... Rfd8 14. Be1 Nd7 {[#]} (14... Qxb2 $2 15. Rxd8+ Rxd8 16. Rb1 $18) (14... Nxf3+ $14 15. Bxf3 Bf5) 15. b3 ({Better is} 15. Ng5 $1) 15... Nc5 16. Qa3 (16. Qh4 $16) 16... Nb4 $14 17. Nd4 Bd7 $2 ({Black should play} 17... Bxd4 $1 $14 18. exd4 Rxd4) 18. Na4 $18 Nxa4 19. Bxb4 ({Don't do} 19. Qxb4 $6 Nc5 $16) 19... Nb2 $2 {[#]} (19... a5 {is a better chance.} 20. Be7 (20. bxa4 axb4 21. Qb2 Bxa4 $11) 20... Nc3) 20. Rd2 {Accuracy: White = 58%, Black = 39%.} ({Weaker is} 20. Qxb2 Qxb4 21. h3 Rac8 $16) 1-0

[Event "HUN-chT 2018-19"]
[Site "Szombathely"]
[Date "2019.04.27"]
[Round "8.47"]
[White "Korcz, Sandor"]
[Black "Aczel, Gergely"]
[Result "0-1"]
[WhiteElo "1967"]
[BlackElo "2549"]
[Annotator "TA"]
[PlyCount "90"]
[EventDate "2018.11.16"]
[EventType "team-tourn"]
[EventCountry "HUN"]
[SourceTitle "playchess.com"]
[Source "ChessBase"]
[SourceQuality "1"]

{[%evp 14,90,15,6,15,-9,-2,-17,-12,-12,-9,-21,17,17,11,10,4,9,10,9,16,7,28,27,31,17,16,12,22,9,37,9,46,25,83,40,45,70,89,72,55,55,102,0,35,4,33,22,42,15,16,-57,-45,-67,-65,-66,-64,-60,-56,-93,-64,-70,-52,-155,-155,-152,-152,-172,-148,-150,-140,-159,-124,-224,-211,-580,-578,-564,-556]} 1. e4 c5 2. Nf3 d6 3. d4 cxd4 4. Nxd4 Nf6 5. Nc3 a6 6. g3 e5 7. Nb3 Be7 8. Bg2 b5 {B91: Sicilian Najdorf: 6 g3} (8... O-O 9. a4 Nc6 10. O-O Nb4 11. a5 Be6 12. Bg5 h6 13. Bxf6 Bxf6 14. Ra4 Nc6 15. Nd5 Rc8 16. c3 g6 17. Nxf6+ Qxf6 18. Qxd6 {½-½ (68) Duda,J (2737)-Grischuk,A (2766) chess.com INT 2018}) 9. a3 O-O 10. O-O Nbd7 {The position is equal.} 11. Be3 Nb6 $146 ({Predecessor:} 11... Bb7 12. Qe2 Rc8 13. Rad1 Qc7 14. Rfe1 Nb6 15. Bxb6 Qxb6 16. Nd2 Rc5 17. Nf3 Rfc8 18. Nh4 g6 19. Qd2 {½-½ (19) Anker,C (1821)-Kessler,M (1750) Imst 2008}) 12. Nd2 Bg4 13. Bxb6 Qxb6 14. Nd5 Nxd5 15. Qxg4 Nf6 16. Qe2 Rfc8 17. c3 Bd8 18. Rfd1 Qc6 19. h3 Bb6 20. Nf1 h5 21. Rd2 Rd8 22. Rad1 Kf8 23. Qf3 Ke7 (23... Kg8 $11) 24. Ne3 Bxe3 25. Qxe3 h4 26. Qg5 hxg3 27. fxg3 Kf8 28. Qe3 ({Better is} 28. Rf1 $16) 28... Rac8 {[%cal Ba8c8,Bc8c7,Bc7e7,Be7e6][%mdl 32]} 29. Kh2 Kg8 30. Rf1 Nh7 31. Rdf2 Rc7 32. g4 (32. h4 $11) 32... Nf8 $15 33. Qg5 Ne6 34. Qh4 Qe8 35. Rd2 Nf4 36. Bh1 Re7 37. g5 Re6 38. Rxf4 (38. Rg1 $15) 38... exf4 $17 39. Qxf4 Qe7 40. h4 Rc8 41. Rd4 Rc4 42. Bg2 g6 43. Rxc4 (43. Kg3 $17) 43... bxc4 $19 44. e5 $2 {[#]} (44. Kg3 {is tougher.}) 44... Rxe5 45. Qxc4 Re2 {Accuracy: White = 39%, Black = 54%.} 0-1

[Event "HUN-chT 2018-19"]
[Site "Szombathely"]
[Date "2019.04.27"]
[Round "8.48"]
[White "Gara, Ticia"]
[Black "Balogh, Marton"]
[Result "1/2-1/2"]
[WhiteElo "2324"]
[BlackElo "1941"]
[Annotator "NA"]
[PlyCount "98"]
[EventDate "2018.11.16"]
[EventType "team-tourn"]
[EventCountry "HUN"]
[SourceTitle "playchess.com"]
[Source "ChessBase"]
[SourceQuality "1"]

1. Nf3 d5 2. g3 Nf6 3. Bg2 e6 4. O-O Nbd7 5. d4 Be7 6. c4 c6 7. Qc2 O-O 8. Rd1 b6 9. Nbd2 Bb7 10. b3 Rc8 11. Bb2 Qc7 {E09: Closed Catalan: Main Line: 7 Qc2 c6 8 Nbd2} 12. Rac1 Qb8 13. e4 c5 (13... Rfd8 14. Ne1 c5 15. exd5 exd5 16. Qf5 dxc4 17. Nxc4 Bxg2 18. Nxg2 cxd4 19. Bxd4 Qb7 20. Nf4 {½-½ (29) Plat,V (2532)-Seifert,V (2359) Germany 2017}) 14. exd5 exd5 15. Re1 $146 ({Predecessor:} 15. Qb1 Rfd8 16. Qa1 dxc4 17. Nxc4 Qa8 18. Ne1 Bxg2 19. Nxg2 cxd4 20. Bxd4 {1-0 (31) Akhgari,R (2122)-Sheykhali,M (2071) Teheran 2016}) 15... Rfe8 16. Qf5 Qa8 (16... cxd4 $11 {remains equal.} 17. Nxd4 Bb4 18. Rxe8+ Rxe8) 17. Ne5 Nf8 18. cxd5 Bxd5 19. Bxd5 Qxd5 20. Ndf3 Qe6 21. Qd3 h6 22. Ng6 Qd6 23. Nxe7+ Rxe7 $14 24. Rxe7 Qxe7 25. dxc5 bxc5 26. Qa6 Rc7 27. Be5 Rd7 28. Bxf6 gxf6 29. Re1 Ne6 30. Qc4 Qd6 31. Qg4+ Kf8 32. Qh5 Kg7 33. Nh4 Qd2 34. Nf5+ Kh7 35. Re2 Qg5 36. Qxg5 fxg5 37. Rc2 Kg6 38. Ne3 h5 39. h3 Kf6 40. Kf1 Rd8 41. Rc4 Rd4 42. Ke2 Ke5 43. Rc3 f5 44. Nc4+ Kd5 45. Ne3+ Ke5 46. Nc4+ Kd5 47. Ne3+ Ke5 48. Nc4+ Kd5 49. f3 f4 1/2-1/2

[Event "HUN-chT 2018-19"]
[Site "Szombathely"]
[Date "2019.04.27"]
[Round "8.49"]
[White "Areshchenko, Alexander"]
[Black "Horvath, Csaba"]
[Result "1-0"]
[WhiteElo "2652"]
[BlackElo "2507"]
[Annotator "TA"]
[PlyCount "131"]
[EventDate "2018.11.16"]
[EventType "team-tourn"]
[EventCountry "HUN"]
[SourceTitle "playchess.com"]
[Source "ChessBase"]
[SourceQuality "1"]

{[%evp 16,131,46,45,52,45,52,58,50,44,40,39,59,50,61,51,65,68,139,123,121,102,85,87,85,90,85,101,185,191,213,158,239,211,247,233,242,244,229,196,193,128,128,13,8,15,6,-16,-18,-60,-72,-65,0,0,0,0,0,0,0,0,0,0,0,0,0,0,1,1,1,1,1,1,7,1,15,5,25,25,148,25,28,28,169,195,206,201,183,169,260,0,201,178,201,211,217,212,2404,1979,2159,444,456,428,429,343,463,459,383,393,499,458,710,676,519,397,4527,4134,29965,29955]} 1. e4 e6 2. d4 d5 3. Nc3 dxe4 4. Nxe4 Bd7 5. Nf3 Bc6 6. Bd3 Nd7 7. c3 Ngf6 8. Nxf6+ Nxf6 9. O-O Bd6 {C10: French with 3 Nc3: Unusual Black 3rd moves and 3...dxe4} 10. Re1 Bxf3 (10... O-O 11. h3 h6 12. Qe2 Re8 13. Ne5 Bxe5 14. Qxe5 Qd5 15. Qxd5 Nxd5 16. a3 b5 17. Bd2 {½-½ (57) Smagin,S (2551)-Pridorozhni,A (2579) Sochi 2016}) 11. Qxf3 c6 {White is slightly better.} 12. Bg5 h6 13. Bd2 $146 ({Predecessor:} 13. Bh4 Be7 14. Bxf6 Bxf6 15. a4 a5 16. Rad1 O-O 17. Re2 {0-1 (40) Schneider,H (2259)-Hollstein,F (2303) Chessfriend.com 2007}) 13... Qa5 14. Be2 O-O-O 15. a4 Kb8 16. b4 Qc7 (16... Qd5 $14) 17. g3 e5 18. dxe5 Bxe5 19. Ra2 Rhe8 20. b5 Re6 21. Rb1 Nd5 (21... g5 $16 {was worth a try.}) 22. c4 $18 Ne7 23. Be3 ({Don't take} 23. Qxf7 $6 Rf6 $16) 23... c5 (23... Qc8 $16 24. Qxf7 Rf8) 24. a5 $1 ({Less strong is} 24. Qxf7 Rf6 $16) 24... Rf6 25. Qe4 Ng6 26. Bf3 {Black must now prevent Bxc5!} Bd4 27. b6 axb6 28. axb6 (28. Kg2 $18) 28... Rxb6 $16 29. Bxd4 (29. Rxb6 $16 Qxb6 30. Bf4+ Nxf4 31. Qxf4+ {[%mdl 64] Double Attack} Qd6 32. Qxf7) 29... Rxd4 $11 30. Qe8+ Rd8 31. Qe1 {And now Ra8+! would win.} Ne5 {[%mdl 64] Double Attack} 32. Be4 Rxb1 33. Qxb1 {Hoping for Qa1.} Nc6 ({Better is} 33... Nxc4 $15 34. Ra1 Rd2) 34. Qb5 Nd4 35. Qa4 {[%csl Ga2][%cal Ra4a8]} Qb6 $1 36. Kg2 Kc7 37. Ra1 {Threatening Rb1.} Qb4 38. Qa2 {Threatens to win with Rb1.} Nc6 39. Rb1 Rd2 40. Qa8 Rb2 41. Rxb2 Qxb2 42. Qf8 Qf6 43. Qxc5 Qd4 $132 {[%mdl 2048] Black puts up resistance} 44. Qf5 Ne7 45. Qa5+ Kb8 46. Bf3 {Qb5! is the strong threat.} b6 (46... Nc6 $11 {keeps the balance.} 47. Qa3 Qxc4) 47. Qb4 (47. Qa3 $16 Qc5 48. Qa8+ Kc7 49. Qf8) 47... Qc5 $1 {[%cal Rc5b4]} 48. Qa4 {aiming for Qa8+.} f5 (48... Kc7 $11) 49. Qd7 $1 $18 {[%csl Gf3][%cal Rd7b7]} Qc7 {[#]} 50. Qe8+ $1 Nc8 51. Qa4 {[%csl Gf3][%cal Ra4a8]} Na7 (51... Qd6 {was called for.} 52. Qa8+ Kc7 53. Qb7+ Kd8 54. Qxg7 Ne7 55. Qh8+ Kc7) 52. Qe8+ Nc8 53. Bd5 f4 54. g4 g5 {[#]} 55. h4 $1 Qd6 $2 (55... f3+ 56. Bxf3 Qxc4 57. Qe5+ Qc7) 56. Be6 Qc7 57. Kf3 (57. hxg5 $142 hxg5 58. Qxc8+ Qxc8 59. Bxc8 Kxc8 60. Kf3) 57... Qb7+ 58. Bd5 Qc7 59. Qf8 Qd6 60. Qg7 {[%csl Gd5][%cal Rg7b7]} Ne7 61. hxg5 Nxd5 62. Qg8+ ({Not} 62. cxd5 Qxd5+ 63. Kxf4 Qd2+ 64. Kg3 hxg5 $11) 62... Kc7 (62... Ka7 $142) 63. cxd5 hxg5 64. Qxg5 Kd7 $2 (64... b5 65. Qxf4 b4 66. Qxd6+ Kxd6) 65. Qf5+ Kd8 66. g5 {Accuracy: White = 63%, Black = 46%.} 1-0

[Event "HUN-chT 2018-19"]
[Site "Szombathely"]
[Date "2019.04.27"]
[Round "8.50"]
[White "Horvath, Jozsef"]
[Black "Sethuraman, S.P."]
[Result "0-1"]
[WhiteElo "2494"]
[BlackElo "2624"]
[Annotator "TA"]
[PlyCount "80"]
[EventDate "2018.11.16"]
[EventType "team-tourn"]
[EventCountry "HUN"]
[SourceTitle "playchess.com"]
[Source "ChessBase"]
[SourceQuality "1"]

{[%evp 15,80,51,47,40,45,44,74,40,75,50,66,33,37,29,37,6,35,11,17,14,14,0,0,0,28,18,16,23,53,17,38,-15,-13,-4,-17,-13,-16,-24,-18,-65,-76,-100,-104,-103,-90,-100,-94,-99,-104,-106,-95,-115,-118,-279,-278,-354,-332,-292,-352,-334,-342,-718,-718,-748,-748,-737,-717]} 1. Nf3 g6 2. e4 Bg7 3. d4 d6 4. Nc3 a6 5. a4 Nf6 6. Be2 O-O 7. O-O b6 8. Re1 Bb7 9. e5 {B08: Pirc Defence: Classical System} dxe5 10. Nxe5 Ra7 (10... e6 11. Bf3 Nd5 12. Ne4 Nc6 13. Nxc6 Bxc6 14. Bg5 f6 15. Bd2 Qd7 16. Qe2 a5 {0-1 (56) Guseinov,G (2646)-Petrosian,T (2625) Minsk 2015}) 11. Be3 $146 {White is better.} ({Predecessor:} 11. Bf4 Qc8 12. Bc4 Qd8 13. Be2 Nfd7 14. Bf3 Nxe5 15. Bxe5 Bxe5 16. dxe5 Qxd1 17. Raxd1 Bxf3 18. gxf3 {½-½ (32) Cherkasova,E (2225)-Urban,K (2490) Poznan 1997}) 11... Nfd7 12. Nc4 Nc6 13. Bf3 Nb4 14. Bxb7 Rxb7 15. Qf3 Rb8 (15... c6 $5 {[%cal Rb4c2]} 16. Qd1 Nf6 $11) 16. Qe2 e6 17. Ne4 Nd5 18. Bg5 Qc8 $1 19. c3 h6 20. Bd2 c5 21. Ne5 {Nd6 is the strong threat.} N7f6 22. Nxf6+ Nxf6 23. Qf3 ({White should play} 23. dxc5 $14 bxc5 24. Bf4) 23... cxd4 $11 24. Nc6 {Threatens to win with Ne7+.} Rb7 {[%cal Bb8b7,Bb7d7,Bd7d2][%mdl 32]} 25. Nxd4 Nd5 26. Nc2 Rd7 27. Ne3 {[#]} Nb4 $1 {[%mdl 512]} 28. cxb4 {Strongly threatening Rac1.} Rxd2 29. Rac1 Qb8 30. Nc4 Rd5 31. b3 b5 32. Na5 Qd6 33. Nc6 Kh7 {And now ...Rc8 would win.} 34. g3 $2 (34. Qg3 $17) 34... Rc8 $19 35. axb5 axb5 36. Na7 Rxc1 37. Rxc1 Rf5 ({Not} 37... Qxb4 38. Qxf7 Qxb3 39. Rc7 $17 (39. Rc8 Qb1+ 40. Kg2 Qe4+ 41. Qf3 Qe1 $17)) 38. Rd1 $2 {[#]} (38. Qe2 Qxb4 39. Nc6 Qxb3 40. Qd2) 38... Bd4 $1 {[%mdl 512] Black is clearly winning.} 39. Nxb5 Bxf2+ ({Weaker is} 39... Rxf3 40. Nxd6 e5 41. Nb5 $11) 40. Kg2 Qb6 {Accuracy: White = 38%, Black = 74%.} 0-1

[Event "HUN-chT 2018-19"]
[Site "Szombathely"]
[Date "2019.04.27"]
[Round "8.51"]
[White "Szabo, Gergely-Andras-Gyul"]
[Black "Hujbert, Florian"]
[Result "1-0"]
[WhiteElo "2528"]
[BlackElo "2425"]
[Annotator "ChessBase"]
[PlyCount "93"]
[EventDate "2018.11.16"]
[EventType "team-tourn"]
[EventCountry "HUN"]
[SourceTitle "playchess.com"]
[Source "ChessBase"]
[SourceQuality "1"]

1. d4 Nf6 2. Bf4 b6 3. c4 Bb7 4. Nc3 e6 5. a3 g6 6. d5 Bg7 7. g3 O-O 8. Bg2 exd5 9. cxd5 Re8 10. Nh3 d6 11. O-O Nbd7 12. Qc2 a6 13. Rad1 b5 14. e4 Ne5 15. Bc1 Rc8 16. f4 Ned7 17. Nf2 Bf8 18. Rfe1 h5 19. h3 Kh7 20. Nd3 c6 21. dxc6 Qb6+ 22. Be3 Qxc6 23. Bd4 Qc4 24. Qf2 Bg7 25. e5 Nd5 26. Ne4 Bf8 27. exd6 f6 28. f5 g5 29. Bxf6 Rxe4 30. Rxe4 Qb3 31. Ree1 N7xf6 32. Nc5 Rxc5 33. Qxc5 Qxg3 34. Qf2 Qxf2+ 35. Kxf2 Bxd6 36. Re6 Bc5+ 37. Ke1 Kg7 38. b4 Nxb4 39. axb4 Bxb4+ 40. Kf1 Bxg2+ 41. Kxg2 Bc3 42. Rxa6 b4 43. Rb6 g4 44. hxg4 hxg4 45. Rdd6 Be5 46. Re6 Bc3 47. Kg3 1-0

[Event "HUN-chT 2018-19"]
[Site "Szombathely"]
[Date "2019.04.27"]
[Round "8.52"]
[White "Seres, Lajos"]
[Black "Antal, Gergely"]
[Result "0-1"]
[WhiteElo "2425"]
[BlackElo "2546"]
[Annotator "TA"]
[PlyCount "56"]
[EventDate "2018.11.16"]
[EventType "team-tourn"]
[EventCountry "HUN"]
[SourceTitle "playchess.com"]
[Source "ChessBase"]
[SourceQuality "1"]

{[%evp 14,56,8,8,8,8,10,13,9,8,4,6,19,11,10,9,14,0,29,0,0,0,0,0,27,25,16,0,0,0,43,-20,-13,-25,-12,-414,-413,-408,-404,-603,-598,-579,-520,-736,-720]} 1. d4 Nf6 2. Nf3 g6 3. g3 Bg7 4. Bg2 d5 5. O-O c6 6. c3 O-O 7. Nbd2 Bf5 8. Nh4 Be6 {D02: 1 d4 d5 2 Nf3 sidelines, including 2...Nf6 3 g3 and 2...Nf6 3 Bf4} 9. Re1 (9. f4 Na6 10. f5 Bd7 11. e4 dxe4 12. Nxe4 Nxe4 13. Bxe4 Qb6 14. Qb3 Bf6 15. Bh6 Qxb3 16. axb3 {0-1 (62) Artemiev,V (2709)-Duda,J (2738) St Petersburg 2018}) 9... Nbd7 10. e4 dxe4 {The position is equal.} 11. Nxe4 Nxe4 12. Bxe4 Bd5 13. Bg5 $146 {Hoping for Bxd5.} ({Predecessor:} 13. Bxd5 cxd5 14. Nf3 Nf6 15. Qb3 b6 16. a4 {½-½ (48) Vokarev,S (2521)-Gladyszev,O (2434) Dagomys 2009}) 13... Re8 14. Qd2 Nb6 {[%cal Bd7b6,Bb6c4,Bc4d6,Bd6f7,Bf7g5,Bg5h3][%mdl 32]} 15. Bd3 Qd7 16. Bf1 f6 17. Bh6 Nc4 18. Qc1 Nd6 19. Bxg7 Kxg7 20. Ng2 Nf7 21. Nf4 Ng5 {Threatens to win with ...Nf3+.} (21... e5 $5 {[%cal Re5f4]} 22. Nxd5 Qxd5 $11) 22. Be2 ({White should play} 22. Bg2 $14) 22... e5 $36 {[%mdl 2048] Black has the initiative.} 23. dxe5 $1 Rxe5 {White must now prevent ...Rae8.} 24. h4 $2 {[%mdl 8192]} (24. c4 $11 {and White stays safe.} Be4 25. Qd1) 24... Nh3+ $19 25. Kh2 Nxf4 26. gxf4 {[#]} (26. Bf1 $142 Rxe1 27. Qxe1) 26... Rxe2 $1 {[%mdl 576] Remove Defender. Black is clearly winning.} 27. Rxe2 {[#]} Qg4 $1 {[%csl Gd5,LRe2,LRh4][%cal Rg4g2][%mdl 576] Double Attack} 28. f3 Bxf3 {Accuracy: White = 34%, Black = 75%.} 0-1

[Event "HUN-chT 2018-19"]
[Site "Szombathely"]
[Date "2019.04.27"]
[Round "8.53"]
[White "Korpa, Bence"]
[Black "Szuk, Balazs"]
[Result "1-0"]
[WhiteElo "2505"]
[BlackElo "2357"]
[Annotator "ChessBase"]
[PlyCount "125"]
[EventDate "2018.11.16"]
[EventType "team-tourn"]
[EventCountry "HUN"]
[SourceTitle "playchess.com"]
[Source "ChessBase"]
[SourceQuality "1"]

1. d4 d5 2. Bf4 c5 3. e3 Nc6 4. c3 Nf6 5. Nd2 e6 6. Ngf3 Bd6 7. Bg3 Qe7 8. Ne5 Nd7 9. Nxd7 Bxd7 10. Bxd6 Qxd6 11. Bd3 e5 12. dxc5 Qxc5 13. e4 d4 14. Nb3 Qd6 15. Bc4 Rd8 16. Qd3 O-O 17. O-O Be6 18. Rfd1 Qe7 19. Bxe6 Qxe6 20. Qb5 b6 21. cxd4 Nxd4 22. Nxd4 exd4 23. Qd3 f5 24. Re1 fxe4 25. Rxe4 Qf6 26. f3 Rfe8 27. Rd1 Rxe4 28. Qxe4 d3 29. Rxd3 Rxd3 30. Qxd3 Qxb2 31. Qd5+ Kf8 32. Qa8+ Kf7 33. Qxa7+ Kf6 34. Qa4 g5 35. Qc6+ Kg7 36. Qd7+ Kg6 37. Qe6+ Kg7 38. Qe7+ Kg6 39. Qe8+ Kg7 40. Qe7+ Kg6 41. Qe6+ Kg7 42. Qd5 h6 43. h3 Kf6 44. Qb3 Qd4+ 45. Kf1 h5 46. g3 h4 47. gxh4 gxh4 48. Qc2 Qe3 49. Qc6+ Kg7 50. Qd7+ Kf6 51. Qd8+ Kg6 52. Qg8+ Kf6 53. Qh8+ Kg6 54. Qg8+ Kf6 55. Qb3 Qd4 56. Qc2 Ke5 57. Qf2 Qf4 58. Qb2+ Kd5 59. Qb5+ Kd4 60. Qb4+ Ke5 61. Qxf4+ Kxf4 62. Kf2 b5 63. a3 1-0

[Event "HUN-chT 2018-19"]
[Site "Szombathely"]
[Date "2019.04.27"]
[Round "8.54"]
[White "Bakos, Balazs"]
[Black "Kozak, Adam"]
[Result "0-1"]
[WhiteElo "2419"]
[BlackElo "2444"]
[Annotator "ChessBase"]
[PlyCount "88"]
[EventDate "2018.11.16"]
[EventType "team-tourn"]
[EventCountry "HUN"]
[SourceTitle "playchess.com"]
[Source "ChessBase"]
[SourceQuality "1"]

1. d4 Nf6 2. c4 e6 3. Nf3 d5 4. Nc3 Nbd7 5. Bg5 c6 6. e3 Qa5 7. Nd2 Bb4 8. Qc2 O-O 9. Be2 e5 10. O-O exd4 11. Nb3 Qb6 12. exd4 dxc4 13. Bxc4 a5 14. a4 Qc7 15. Rfe1 h6 16. Bh4 Nb6 17. Be2 Nbd5 18. Bf3 Bd6 19. Kh1 Nb4 20. Qd1 Nfd5 21. Bxd5 Nxd5 22. Nxd5 cxd5 23. Rc1 Qb6 24. Be7 Bxe7 25. Rxe7 Qb4 26. Rcc7 b6 27. h3 Be6 28. Nc1 Rac8 29. Ne2 Qxb2 30. Kg1 Qb4 31. Nf4 Qd6 32. Nxe6 Rxc7 33. Rxc7 Qxe6 34. Qc2 Qe1+ 35. Kh2 Qb4 36. Qf5 Qxd4 37. Rd7 Qxa4 38. Qxd5 Qf4+ 39. Kg1 Re8 40. Qd1 Qe4 41. Kh2 b5 42. Rd5 Qf4+ 43. Kg1 Qb4 44. Rd8 Qe7 0-1